<?xml version="1.0" encoding="UTF-8"?>
<record
    xmlns:xsi="http://www.w3.org/2001/XMLSchema-instance"
    xsi:schemaLocation="http://www.loc.gov/MARC21/slim http://www.loc.gov/standards/marcxml/schema/MARC21slim.xsd"
    xmlns="http://www.loc.gov/MARC21/slim">

  <leader>00488nam a22001811a 4500</leader>
  <controlfield tag="001">6788</controlfield>
  <controlfield tag="003">OSt</controlfield>
  <controlfield tag="005">20260204212103.0</controlfield>
  <controlfield tag="008">060721s1978||||cu ||||||b||||||||||spa||</controlfield>
  <datafield tag="050" ind1=" " ind2=" ">
    <subfield code="a">330.9 F882h</subfield>
  </datafield>
  <datafield tag="100" ind1=" " ind2=" ">
    <subfield code="a">Friedlaender, Heinrich</subfield>
  </datafield>
  <datafield tag="245" ind1=" " ind2=" ">
    <subfield code="a">Historia econ&#xF3;mica de Cuba 2 / Heinrich Friedlaender</subfield>
  </datafield>
  <datafield tag="264" ind1=" " ind2=" ">
    <subfield code="a">Cuba : Editorial Ciencia Sociales</subfield>
  </datafield>
  <datafield tag="300" ind1=" " ind2=" ">
    <subfield code="a">869 p</subfield>
  </datafield>
  <datafield tag="500" ind1=" " ind2=" ">
    <subfield code="a">Incluye indice y bibliograf&#xED;a</subfield>
  </datafield>
  <datafield tag="650" ind1=" " ind2=" ">
    <subfield code="a">1.Historia Econ&#xF3;mica&#xCC;</subfield>
  </datafield>
  <datafield tag="942" ind1=" " ind2=" ">
    <subfield code="2">ddc</subfield>
    <subfield code="c">BK</subfield>
  </datafield>
  <datafield tag="999" ind1=" " ind2=" ">
    <subfield code="c">6788</subfield>
    <subfield code="d">6788</subfield>
  </datafield>
  <datafield tag="952" ind1=" " ind2=" ">
    <subfield code="0">0</subfield>
    <subfield code="1">0</subfield>
    <subfield code="2">ddc</subfield>
    <subfield code="4">0</subfield>
    <subfield code="7">0</subfield>
    <subfield code="b">BU</subfield>
    <subfield code="d">2019-09-09</subfield>
    <subfield code="l">0</subfield>
    <subfield code="o">330.9 F882H</subfield>
    <subfield code="p">009282</subfield>
    <subfield code="r">2019-09-09 00:00:00</subfield>
    <subfield code="w">2019-09-09</subfield>
    <subfield code="y">BK</subfield>
  </datafield>
</record>
